4 Religion Foursomes Quiz Stats

 Plays Quiz not verified by Sporcle

Score 0/16 Timer 03:00
8 Plays Today
Hint Answer % Correct
Four Gospels of the
New Testament
John
92.1%
Religious Designations
Over 10% of the World
Christianity
91.7%
Religious Designations
Over 10% of the World
Islam
91.4%
Four Gospels of the
New Testament
Luke
91.4%
Four Gospels of the
New Testament
Mark
90.3%
Four Gospels of the
New Testament
Matthew
89.6%
Religious Designations
Over 10% of the World
Hinduism
82.4%
Four Horsemen of
the Apocalypse
Death
76.8%
Hint Answer % Correct
Four Horsemen of
the Apocalypse
Famine
73.3%
Four Horsemen of
the Apocalypse
Pestilence
70.9%
Four Horsemen of
the Apocalypse
War
63.7%
Religious Designations
Over 10% of the World
Unaffiliated
36.4%
Four Wind Gods of
Greek Mythology
Zephyrus
10.2%
Four Wind Gods of
Greek Mythology
Boreas
9.8%
Four Wind Gods of
Greek Mythology
Eurus
6.8%
Four Wind Gods of
Greek Mythology
Notus
6.4%

You're not logged in!

Compare scores with friends on all Sporcle quizzes.
OR
Log In

Show Comments

Extras

Top Quizzes Today


Score Distribution

Your Account Isn't Verified!

In order to create a playlist on Sporcle, you need to verify the email address you used during registration. Go to your Sporcle Settings to finish the process.

Report this User

Report this user for behavior that violates our Community Guidelines.

Details: